Tanatología: investigación de homicidios (Registro nro. 4371)

Detalles MARC
000 -Cabecera
Campo de control de longitud fija 00905aam a2200337 4500
005 - Fecha y hora de la última transacción
Campo de control 20250617084647.0
008 - Elementos de longitud fija--Información general
Campo de control de longitud fija 150408b2006 xxu||||| |||| 00| 0 spa d
020 ## - International Standard Book Number
Número Internacional Estándar del Libro (ISBN) 9506793931X
041 ## - Idioma
Código de idioma Español
082 ## - Clasificación Decimal Dewey
Número de clasificación 614.1 R138t
100 ## - Entrada principal--Autor personal
Nombre personal Raffo, Osvaldo H.
9 (RLIN) 14290
245 ## - Título propiamente dicho
Título Tanatología: investigación de homicidios
260 ## - Pie de imprenta
Lugar de publicación, distribución, etc. Argentina
260 ## - Pie de imprenta
Nombre del editor, distribuidor, etc. Universidad
260 ## - Pie de imprenta
Fecha de publicación, distribución, etc. 2006
300 ## - Descripción física
Extensión 400 páginas
490 ## - Serie
Título de la Serie Investigación Criminal
650 ## - Materia general
Temática (materia general) MEDICINA LEGAL
650 ## - Materia general
Temática (materia general) INVESTIGACION CRIMINAL
650 ## - Materia general
Temática (materia general) TOXICOLOGÍA FORENSE
650 ## - Materia general
Temática (materia general) MEDICINA FORENSE
650 ## - Materia general
Temática (materia general) MÉDICO FORENSE
650 ## - Materia general
Temática (materia general) DESCUARTIZAMIENTO CRIMINAL
650 ## - Materia general
Temática (materia general) EXUMACIONES JURÍDICAS
650 ## - Materia general
Temática (materia general) BALÍSTICA FORENSE
650 ## - Materia general
Temática (materia general) ARMAS DE FUEGO
650 ## - Materia general
Temática (materia general) MUERTES POR COCAÍNA
650 ## - Materia general
Temática (materia general) MALTRATO INFANTIL
650 ## - Materia general
Temática (materia general) VIOLACIÓN SEXUAL
942 ## - Punto de acceso adicional KOHA
Tipo de ítem KOHA Libro
Fuente del sistema de clasificación o colocación Dewey Decimal Classification
Existencias
Signatura completa Código de barras Programa Académico Tipo de ítem
614.1 R138t 13335 Investigación Criminal Libro